Ketchum, ID - boygenius (Lyrics) - Statistics

General Stats
  • This quiz has been taken 49 times
  • The average score is 121 of 150
Answer Stats
Answer % Correct
I
100%
"I
100%
in
97%
In
97%
the
97%
a
93%
do
93%
I'm
93%
to
93%
never
90%
am
87%
Back
87%
go
87%
know
87%
No
87%
But
83%
by
83%
enough
83%
it's
83%
Long
83%
love
83%
say
83%
you
83%
You
83%
you?"
83%
you"
83%
"You
83%
anywhere
80%
Anywhere
80%
down
80%
me
80%
states
80%
there
80%
too"
80%
town
80%
alone
77%
are
77%
as
77%
band
77%
Being
77%
being
77%
college
77%
dissolve
77%
don't
77%
home
77%
Idaho"
77%
Is
77%
Let's
77%
Move
77%
now
77%
When
77%
around
73%
coming
73%
lines
73%
really
73%
same
73%
thing
73%
walk
73%
And
70%
double
70%
"How
70%
not
70%
would
70%
yellow
70%
on
67%
Two
67%
What
67%
good
63%
making
63%
time
63%
Mesmerized
60%
phone
60%
else
57%
from
57%
stay
57%
tightropes
57%
want
57%
company
53%
Giving
53%
Nothing
53%
some
53%
smiling
50%
sorrow
50%
sorry
50%
hear
47%
Everyone's
43%
'Kay
37%
No matching quizzes found
Score Distribution
Percent of People with Each Score
Percentile by Number Answered
Your Score History
You have not taken this quiz